000 01700nam a22002897a 4500
005 20230602100956.0
008 230602b ||||| |||| 00| 0 eng d
020 _a9788121212977
040 _cAL
041 _aEnglish
082 _223
_a954.035
_bRAJW
100 _aV T Rajshekar
_9118558
245 _aWhy Godse Killed Gandhi
260 _aNew Delhi
_bGyan Publishing House
_c2015
300 _a100 p.
_bPB
_c21.5x14 cm.
520 _aPartition of India brought immense benefit to the Aryan upper castes, particularly the vaidiks who became the ruling class of India. If India was not partitioned then there was no question of a vaidik (Jawaharlal Nehru) becoming the first Prime Minister of India and the brahminical exploitation reaching it climax. The credit for transferring the power from the British to the Brahmins, by cunningly voiding the Muslim hindrance through partition, goes to none else but Gandhi. That is how the practical-minded vaidiks led by Nehru goaded Gandhi to secretly support partition though as a typical Hindu Gandhi spoke one thing but acted against it. Gandhi quietly schemed at partition and the honest Brahmin in Godse mis took Gandhi believing his words that Gandhi was sincerely against partition though in fact he colluded in dividing India and that is why Godse killed him.
650 _aIndia
_9118559
650 _aPolitics and government
_9118560
650 _aGandhi, Mahatma, 1869-1948
_9118561
650 _aAssassination
_9118562
650 _aGodse, Nathuram Vinayak, 1912-1949
_9118563
650 _aIslam
_9118564
650 _aBrahmans
_9118565
650 _aConspiracies
_9118566
700 _aRAJSHEKAR (V T)
_9118567
942 _2ddc
_cDB
999 _c227381
_d227381